| 000 | 00581nam a22002057a 4500 | ||
|---|---|---|---|
| 001 | 3417 | ||
| 003 | HMS | ||
| 005 | 20260625103424.0 | ||
| 008 | 260625e2026 cl |||gr|||| 00| f spa | ||
| 020 | _a9789566094999 | ||
| 040 |
_ahms _bspa _chms |
||
| 082 | 0 | 4 | _aCh863 H344 |
| 100 | 1 |
_aHasbún, Javier _eAutor _96179 |
|
| 245 | 1 | 4 |
_aLos del baño : _bNovelas / _cJavier Hasbún. _h[libro] |
| 250 | _aPrimera edición 2026 | ||
| 260 |
_aSantiago de Chile : _bMarciano Ediciones, _c2026 |
||
| 300 |
_a83 páginas ; _c21 cm. |
||
| 650 | 7 |
_aNovelas chilenas _96180 |
|
| 942 |
_2ddc _cCOL GRAL _n0 |
||
| 999 |
_c3417 _d3417 |
||